000 00271nam a2200109 a 4500
008 110518s1961|||| d
245 1 0 _aČítanie zo svetovej literatúry
260 _bMladé letá
_aBratislava
_c1961
020 _c17,80
041 _aslo
044 _axo
_cSK
999 _c19692
_d19692